Southville International School and Colleges
Your cart is empty.
  • Cart
  • Lists
    Public lists Eva Luna New books Lux_list list_1
    Your lists Log in to create your own lists
  • Log in to your account
  • Your cookies
  • Search history
Southville International School and Colleges
  • Advanced search
  • Recent comments
  • Most popular
  • Libraries

Log in to your account

Log in with GOOGLE


If you do not have an external account, but do have a local account, you can still log in:

  1. Home
  2. MARC view: 100 write-and-learn sight word practice pages :
Normal view MARC view ISBD view

100 write-and-learn sight word practice pages : (Record no. 41727)

[ view plain ]
MARC details
000 -LEADER
fixed length control field 00591nam a2200169Ia 4500
003 - CONTROL NUMBER IDENTIFIER
control field OSt
005 - DATE AND TIME OF LATEST TRANSACTION
control field 20140321094803.0
008 - FIXED-LENGTH DATA ELEMENTS--GENERAL INFORMATION
fixed length control field 140130s9999 xx 000 0 und d
020 ## - INTERNATIONAL STANDARD BOOK NUMBER
International Standard Book Number 0439365627
050 ## - LIBRARY OF CONGRESS CALL NUMBER
Classification number LB 1573.6
Item number .On58 2002
245 ## - TITLE STATEMENT
Title 100 write-and-learn sight word practice pages :
Remainder of title engaging reproducible activity pages that help kids recognize, write, and really learn the top 100 high-frequency words that are key to reading success /
260 ## - PUBLICATION, DISTRIBUTION, ETC. (IMPRINT)
Name of publisher, distributor, etc Scholastic,
Date of publication, distribution, etc 2002.
Place of publication, distribution, etc New York :
300 ## - PHYSICAL DESCRIPTION
Extent 112 p. :
Other physical details ill. ;
Dimensions 26 cm.
440 ## - SERIES STATEMENT/ADDED ENTRY--TITLE
Volume number/sequential designation 1
942 ## - ADDED ENTRY ELEMENTS (KOHA)
Koha item type Books
Source of classification or shelving scheme Library of Congress Classification
Holdings
Withdrawn status Lost status Source of classification or shelving scheme Damaged status Home library Current library Shelving location Date acquired Total Checkouts Full call number Barcode Date last seen Copy number Price effective from Koha item type
    Library of Congress Classification   Munich Library Munich Library Scholastic Reading Center Section 01/30/2014   LB 1573.6 .On58 2002 MS1640 01/30/2014 1 01/30/2014 Books

100 write-and-learn sight word practice pages :

APA

(2002). 100 write-and-learn sight word practice pages. New York: Scholastic.

Chicago

2002. 100 write-and-learn sight word practice pages. New York: Scholastic.

Harvard

(2002). 100 write-and-learn sight word practice pages. New York: Scholastic.

MLA

100 write-and-learn sight word practice pages. New York: Scholastic. 2002.

  • Place hold
  • Print
  • Cite
  • Add to your cart (remove)
  • Save record
    BIBTEX Dublin Core MARCXML MARC (non-Unicode/MARC-8) MARC (Unicode/UTF-8) MARC (Unicode/UTF-8, Standard) MODS (XML) RIS
  • More searches
    Search for this title in:
    Other Libraries (WorldCat) Other Databases (Google Scholar) Online Stores (Bookfinder.com) Open Library (openlibrary.org)

Exporting to Dublin Core...

SOUTHVILLE LIBRARY

Southville International School and Colleges Library

1281 Tropical Ave. Cor. Luxembourg St., BF Homes International, Las Pinas City

Tel. No. 8256374 / 252358 Loc. 117/146

Powered by Koha